Into the mist. #0.5 / Patrick Carman.
Available copies
- 1 of 1 copy available at LARL/NWRL Consortium.
Current holds
0 current holds with 1 total copy.
Show Only Available Copies
| Location | Call Number / Copy Notes | Barcode | Shelving Location | Status | Due Date |
|---|---|---|---|---|---|
| Greenbush Public Library | j CAR (Text) | 35500004268452 | Main | Available | - |
Record details
- ISBN: 9780439899529 (trade bdg.)
- ISBN: 0439899524 (trade bdg.)
- ISBN: 9780439899987 (pbk.)
- Physical Description: 281 p. : ill., map ; 19 cm.
- Edition: 1st ed.
- Publisher: New York : Scholastic, 2007.
Content descriptions
| Summary, etc.: | Captain Roland Warvold tells Alexa and Yipes about ... Read More |
Search for related items by subject
| Subject: | Magic > Juvenile fiction. Brothers > Juvenile fiction. Orphans > Juvenile fiction. Adventure and adventurers > Fiction. Magic > Fiction. Brothers > Fiction. Orphans > Fiction. |
| Genre: | Adventure stories. Adventure fiction. |
Search for related items by series
| LDR | 02077cam a2200469 a 4500 | ||
|---|---|---|---|
| 001 | 86115 | ||
| 003 | LARL_NWRL_CONSORTIUM | ||
| 005 | 20170515125014.0 | ||
| 008 | 061212s2007 nyuab c 000 1 eng | ||
| 010 | . | ‡a2006036628 | |
| 020 | . | ‡a9780439899529 (trade bdg.) | |
| 020 | . | ‡a0439899524 (trade bdg.) | |
| 020 | . | ‡a9780439899987 (pbk.) | |
| 035 | . | ‡a(OCoLC)77757366 | |
| 040 | . | ‡aDLC ‡cDLC ‡dBKX ‡dBTCTA ‡dBAKER ‡dIEF | |
| 042 | . | ‡alcac | |
| 082 | 0 | 0. | ‡a[Fic] ‡222 |
| 100 | 1 | . | ‡aCarman, Patrick. ‡0(LARL_NWRL_CONSORTIUM)192121 |
| 245 | 1 | 0. | ‡aInto the mist. ‡n#0.5 / ‡cPatrick Carman. |
| 250 | . | ‡a1st ed. | |
| 260 | . | ‡aNew York : ‡bScholastic, ‡c2007. | |
| 300 | . | ‡a281 p. : ‡bill., map ; ‡c19 cm. | |
| 490 | 0 | . | ‡aLand of Elyon ; ‡v0.5 |
| 520 | . | ‡aCaptain Roland Warvold tells Alexa and Yipes about the adventures he shared with his brother Thomas in Elyon, before the wall went up and divided the world in two. | |
| 655 | 0. | ‡aAdventure stories. | |
| 650 | 0. | ‡aMagic ‡vJuvenile fiction. ‡0(LARL_NWRL_CONSORTIUM)165990 | |
| 650 | 0. | ‡aBrothers ‡vJuvenile fiction. ‡0(LARL_NWRL_CONSORTIUM)170953 | |
| 650 | 0. | ‡aOrphans ‡vJuvenile fiction. ‡0(LARL_NWRL_CONSORTIUM)166522 | |
| 650 | 1. | ‡aAdventure and adventurers ‡vFiction. ‡0(LARL_NWRL_CONSORTIUM)175858 | |
| 650 | 1. | ‡aMagic ‡vFiction. ‡0(LARL_NWRL_CONSORTIUM)165984 | |
| 650 | 1. | ‡aBrothers ‡vFiction. ‡0(LARL_NWRL_CONSORTIUM)163686 | |
| 650 | 1. | ‡aOrphans ‡vFiction. ‡0(LARL_NWRL_CONSORTIUM)166482 | |
| 655 | 7. | ‡aAdventure fiction. ‡2gsafd | |
| 901 | . | ‡a86115 ‡bOCLC ‡c86115 ‡tbiblio | |

Add to basket
Permalink
Disable Highlighting